000 00547nam a22001697a 4500
005 20251108164402.0
008 250721s1993 xx 000 0 ara d
082 1 4 _a726.2/يوس
100 1 _aفرحات، يوسف
245 1 0 _aالمساجد التاريخيه الكبرى /
264 1 _aطرابلس (لبنان) :
_bدار الشمال للطباعة و النشر و التوزيع،
_c1993.
300 _a176ص : مص
650 1 7 _aالمساجد
650 1 7 _aالعمارة الإسلامية
942 _2ddc
_cBK
999 _c10892
_d10892